Statistics for Born in Cheltenham

Click here to take the quiz!

General Stats

  • This quiz has been taken 8 times
  • The average score is 4 of 6

Answer Stats

HintAnswer% Correct
Lead guitarist and original leader of "The Rolling Stones", he died at the age of 27 one month after he was dismissed by the band1942Brian Jones
100%
Footballer who plays for Tottenham and the English national team1994Eric Dier
86%
Actor and writer, he wrote "The Rocky Horror Show" and played Riff Raff in the film adaptation1942Richard O'Brien
86%
Air Officer Commanding-in-Chief of the Royal Air Force during the Second World War1892Arthur Harris
71%
Singer who has been in a relationship with the actors Robert Pattinson and Shia LaBeaouf (whom she accused of sexual battery and assault), "Two Weeks" "cellophane"1988FKA Twigs
43%
Guitarist who played for Motörhead from 1984 to 19951949Michael "Würzel" Burston
43%

Score Distribution

Percentile by Number Answered

Percent of People with Each Score

Your Score History

You have not taken this quiz